In a time of torment
A view of America in the Sixties is offered in this collection of journalistic writings. The pieces cover the Cuban missile crisis, the Kennedy assassination, the violent white reaction to civil rights legislation and the rise of black power, Vietnam and the student riots.
Bewaard in:
| Hoofdauteur: | |
|---|---|
| Formaat: | Boek |
| Taal: | Undetermined |
| Gepubliceerd in: |
New York
Randome House
1967
|
| Onderwerpen: | |
| Tags: |
Voeg label toe
Geen labels, Wees de eerste die dit record labelt!
|
| Thư viện lưu trữ: | Trung tâm Học liệu Trường Đại học Cần Thơ |
|---|
| LEADER | 00842nam a2200205Ia 4500 | ||
|---|---|---|---|
| 001 | CTU_218453 | ||
| 008 | 210402s9999 xx 000 0 und d | ||
| 082 | |a 320.973 | ||
| 082 | |b S878 | ||
| 100 | |a Stone, I. F. | ||
| 245 | 0 | |a In a time of torment | |
| 245 | 0 | |c I. F. Stone | |
| 260 | |a New York | ||
| 260 | |b Randome House | ||
| 260 | |c 1967 | ||
| 520 | |a A view of America in the Sixties is offered in this collection of journalistic writings. The pieces cover the Cuban missile crisis, the Kennedy assassination, the violent white reaction to civil rights legislation and the rise of black power, Vietnam and the student riots. | ||
| 650 | |a United States,Hoa Kỳ | ||
| 650 | |x Politics and government,Chính trị và chính quyền | ||
| 650 | |y 1963-1969,1963-1969 | ||
| 980 | |a Trung tâm Học liệu Trường Đại học Cần Thơ | ||